[Event "Omsk-ch"]
[Site "Omsk"]
[Date "2015.02.25"]
[Round "9"]
[White "Dobronravova, Irina"]
[Black "Zuevich, Vladimir"]
[Result "0-1"]
[WhiteElo "1835"]
[BlackElo "1930"]
[PlyCount "104"]
[EventDate "2015.02.16"]
[EventType "swiss"]
[EventRounds "9"]
[EventCountry "RUS"]
[SourceTitle "CBM 165 Extra"]
[Source "ChessBase"]
[SourceDate "2015.04.21"]
[SourceVersion "1"]
[SourceVersionDate "2015.04.21"]
[SourceQuality "1"]

1. e4 d6 2. d4 g6 3. Nc3 Bg7 4. f4 Nc6 5. Nf3 Bg4 6. Be3 a6 7. Be2 Nf6 8. h3 Bxf3 9. Bxf3 e5 10. d5 exf4 11. dxc6 fxe3 12. cxb7 Rb8 13. e5 Nh5 14. Bc6+ Kf8 15. 0-0 Bxe5 16. Nd5 Qg5 17. Qf3 Kg7 18. a3 Ng3 19. Rfe1 e2 20. Nxc7 Bf4 21. Nd5 Bd2 22. Rxe2 Nxe2+ 23. Qxe2 Bf4 24. Qf3 Be5 25. Rf1 f5 26. Nc7 Qe7 27. Nxa6 Rbd8 28. a4 h5 29. a5 d5 30. b4 Qf6 31. b5 Bc3 32. b8Q Rxb8 33. Nxb8 Rxb8 34. a6 Bd4+ 35. Kh1 Rd8 36. Bxd5 Qd6 37. Bc6 Bb6 38. g3 h4 39. Qf4 hxg3 40. Qxd6 Rxd6 41. Kg2 Kf6 42. Kxg3 Rd2 43. Rf3 g5 44. Ra3 Ba7 45. Rb3 Rxc2 46. Bg2 f4+ 47. Kh2 Bb6 48. Rd3 Kf5 49. Kh1 Rc1+ 50. Bf1 Rxf1+ 51. Kg2 Rf2+ 52. Kh1 Rb2 0-1

[Event "Omsk Half op"]
[Site "Omsk"]
[Date "2014.12.23"]
[Round "9"]
[White "Dobronravova, Irina"]
[Black "Patrashov, Edisher"]
[Result "1-0"]
[WhiteElo "1835"]
[BlackElo "1762"]
[PlyCount "46"]
[EventDate "2014.12.03"]
[EventType "swiss"]
[EventRounds "9"]
[EventCountry "RUS"]
[SourceTitle "EXT 2023"]
[Source "ChessBase"]
[SourceDate "2022.10.05"]
[SourceVersion "1"]
[SourceVersionDate "2022.10.05"]
[SourceQuality "1"]

1. e4 c5 2. Nc3 g6 3. f4 Bg7 4. Nf3 d6 5. d3 Nc6 6. Be2 Nf6 7. 0-0 0-0 8. h3 a6 9. a4 Bd7 10. g4 Na7 11. Nh2 Ne8 12. f5 b5 13. g5 b4 14. Nd5 e6 15. f6 exd5 16. fxg7 Nxg7 17. Bg4 dxe4 18. dxe4 Bc6 19. Bf3 f6 20. gxf6 Qxf6 21. Qe2 Qe5 22. Ng4 Qg3+ 23. Bg2 Nh5 1-0

[Event "Omsk Half op"]
[Site "Omsk"]
[Date "2014.12.07"]
[Round "3"]
[White "Mokhov, Anatoly"]
[Black "Dobronravova, Irina"]
[Result "1/2-1/2"]
[WhiteElo "1676"]
[BlackElo "1835"]
[PlyCount "25"]
[EventDate "2014.12.03"]
[EventType "swiss"]
[EventRounds "9"]
[EventCountry "RUS"]
[SourceTitle "EXT 2023"]
[Source "ChessBase"]
[SourceDate "2022.10.05"]
[SourceVersion "1"]
[SourceVersionDate "2022.10.05"]
[SourceQuality "1"]

1. Nf3 d5 2. c4 d4 3. g3 c5 4. Bg2 Nc6 5. 0-0 Nf6 6. d3 Bg4 7. Qb3 Qb6 8. Qxb6 axb6 9. Nbd2 e6 10. Nb3 Bd6 11. Bg5 h6 12. Bd2 Ke7 13. Rfe1 1/2-1/2

[Event "Omsk Half op"]
[Site "Omsk"]
[Date "2014.12.03"]
[Round "1"]
[White "Galt, Viktor"]
[Black "Dobronravova, Irina"]
[Result "1-0"]
[WhiteElo "2159"]
[BlackElo "1835"]
[PlyCount "90"]
[EventDate "2014.12.03"]
[EventType "swiss"]
[EventRounds "9"]
[EventCountry "RUS"]
[SourceTitle "EXT 2023"]
[Source "ChessBase"]
[SourceDate "2022.10.05"]
[SourceVersion "1"]
[SourceVersionDate "2022.10.05"]
[SourceQuality "1"]

1. Nc3 d5 2. e4 d4 3. Nce2 e5 4. Nf3 Nc6 5. Ng3 Nf6 6. Bc4 Bd6 7. 0-0 0-0 8. a3 a6 9. d3 b5 10. Ba2 Ne7 11. Nh4 c5 12. Bg5 Nd7 13. Nhf5 Nb6 14. Qg4 g6 15. Bf6 Re8 16. Qg5 Qc7 17. Nh6+ Kf8 18. Nxf7 Ng8 19. Nxd6 Qxd6 20. Bxg8 Kxg8 21. f4 Nd7 22. fxe5 Nxe5 23. Bxe5 Qxe5 24. Nf5 Bxf5 25. Rxf5 Qg7 26. Rxc5 Rac8 27. Rf1 Rxc5 28. Qxc5 Rd8 29. Qc6 Qe7 30. Qf6 Qxf6 31. Rxf6 Rc8 32. Rf2 a5 33. Kf1 b4 34. axb4 axb4 35. Ke1 Ra8 36. Ke2 Ra2 37. b3 Ra5 38. Rf6 Rg5 39. g3 h5 40. Rd6 Kf7 41. Rxd4 h4 42. gxh4 Rg2+ 43. Ke1 Rg4 44. Rxb4 Rxh4 45. Kd2 Rxh2+ 1-0

[Event "Omsk Rating op"]
[Site "Omsk"]
[Date "2014.10.13"]
[Round "5"]
[White "Dobronravova, Irina"]
[Black "Soloviov, Igor"]
[Result "1-0"]
[WhiteElo "1871"]
[BlackElo "1412"]
[PlyCount "50"]
[EventDate "2014.10.06"]
[EventType "swiss"]
[EventRounds "9"]
[EventCountry "RUS"]
[SourceTitle "EXT 2023"]
[Source "ChessBase"]
[SourceDate "2022.10.05"]
[SourceVersion "1"]
[SourceVersionDate "2022.10.05"]
[SourceQuality "1"]

1. e4 e6 2. d4 d5 3. Nc3 Bb4 4. e5 Ne7 5. Nf3 0-0 6. Bd3 Bxc3+ 7. bxc3 b6 8. a3 Ng6 9. Ng5 f5 10. Qh5 h6 11. Nxe6 Bxe6 12. Qxg6 Qe8 13. Qg3 Qh5 14. Be2 Qf7 15. 0-0 f4 16. Qf3 c5 17. a4 cxd4 18. cxd4 g5 19. h3 Nc6 20. c3 Kh8 21. Bd3 Rg8 22. Qh5 Qg7 23. Bd2 g4 24. h4 Rac8 25. Rac1 Rc7 1-0

[Event "Omsk op 06"]
[Site "Omsk"]
[Date "2014.06.26"]
[Round "5"]
[White "Dobronravova, Irina"]
[Black "Chermashentsev, Alexander"]
[Result "1/2-1/2"]
[WhiteElo "1899"]
[BlackElo "1635"]
[PlyCount "21"]
[EventDate "2014.06.20"]
[EventType "swiss"]
[EventRounds "9"]
[EventCountry "RUS"]
[SourceTitle "EXT 2016"]
[Source "ChessBase"]
[SourceDate "2015.10.08"]
[SourceVersion "1"]
[SourceVersionDate "2015.10.08"]
[SourceQuality "1"]

1. e4 e5 2. Nf3 Nf6 3. Nxe5 d6 4. Nf3 Nxe4 5. d4 d5 6. Be2 Be7 7. 0-0 0-0 8. Nc3 Bf5 9. Bf4 a6 10. h3 Nc6 11. a3 1/2-1/2

[Event "Omsk op 06"]
[Site "Omsk"]
[Date "2014.06.24"]
[Round "4"]
[White "Lunga, Oleg"]
[Black "Dobronravova, Irina"]
[Result "1-0"]
[WhiteElo "1790"]
[BlackElo "1899"]
[PlyCount "35"]
[EventDate "2014.06.20"]
[EventType "swiss"]
[EventRounds "9"]
[EventCountry "RUS"]
[SourceTitle "EXT 2016"]
[Source "ChessBase"]
[SourceDate "2015.10.08"]
[SourceVersion "1"]
[SourceVersionDate "2015.10.08"]
[SourceQuality "1"]

1. e4 e5 2. Nf3 Nc6 3. Bb5 a6 4. Ba4 Nf6 5. 0-0 Bc5 6. c3 0-0 7. d4 exd4 8. cxd4 Be7 9. d5 Na7 10. e5 Ne8 11. Nc3 d6 12. Bf4 dxe5 13. Bxe5 Nf6 14. Rc1 b5 15. Bb3 b4 16. Nd2 Nb5 17. Nce4 Ng4 18. Bg3 1-0

[Event "Omsk op 06"]
[Site "Omsk"]
[Date "2014.06.20"]
[Round "1"]
[White "Dobronravova, Irina"]
[Black "Zuevich, Vladimir"]
[Result "0-1"]
[WhiteElo "1899"]
[BlackElo "1979"]
[PlyCount "45"]
[EventDate "2014.06.20"]
[EventType "swiss"]
[EventRounds "9"]
[EventCountry "RUS"]
[SourceTitle "EXT 2016"]
[Source "ChessBase"]
[SourceDate "2015.10.08"]
[SourceVersion "1"]
[SourceVersionDate "2015.10.08"]
[SourceQuality "1"]

1. e4 e5 2. Nc3 Nf6 3. f4 d6 4. Nf3 Nc6 5. Bc4 Be7 6. 0-0 Bg4 7. h3 Bxf3 8. Rxf3 Nd4 9. Rg3 g6 10. f5 c6 11. fxg6 hxg6 12. Be2 Qb6 13. Kh1 0-0-0 14. a4 Nh5 15. Bg4+ Kb8 16. Rd3 Ne6 17. Re3 f5 18. Be2 Bh4 19. a5 Qc7 20. Bc4 fxe4 21. Nxe4 d5 22. g3 dxe4 23. gxh4 0-1

[Event "Omsk op 02"]
[Site "Omsk"]
[Date "2014.02.14"]
[Round "8"]
[White "Pisjmeniuk, Artem"]
[Black "Dobronravova, Irina"]
[Result "1-0"]
[WhiteElo "1957"]
[BlackElo "1868"]
[PlyCount "41"]
[EventDate "2014.02.03"]
[EventType "swiss"]
[EventRounds "9"]
[EventCountry "RUS"]
[SourceTitle "EXT 2016"]
[Source "ChessBase"]
[SourceDate "2015.10.08"]
[SourceVersion "1"]
[SourceVersionDate "2015.10.08"]
[SourceQuality "1"]

1. e4 c5 2. Nf3 Nc6 3. d4 cxd4 4. Nxd4 e6 5. Bb5 Nge7 6. 0-0 g6 7. Be3 Bg7 8. Nc3 0-0 9. h3 a6 10. Ba4 b5 11. Bb3 Ne5 12. Qe2 Bb7 13. Rad1 b4 14. Na4 Bxe4 15. Nc5 Bc6 16. Nxa6 Qb6 17. Nxc6 N7xc6 18. Bxb6 d5 19. Bd4 Nxd4 20. Rxd4 Nc6 21. Rdd1 1-0

[Event "Omsk op 12"]
[Site "Omsk"]
[Date "2013.12.11"]
[Round "7"]
[White "Dobronravova, Irina"]
[Black "Kislova, Valentina"]
[Result "0-1"]
[WhiteElo "1883"]
[BlackElo "2024"]
[PlyCount "57"]
[EventDate "2013.12.01"]
[EventType "swiss"]
[EventRounds "9"]
[EventCountry "RUS"]
[SourceTitle "EXT 2016"]
[Source "ChessBase"]
[SourceDate "2015.10.08"]
[SourceVersion "1"]
[SourceVersionDate "2015.10.08"]
[SourceQuality "1"]

1. e4 c6 2. d4 d5 3. Nc3 g6 4. Nf3 Bg7 5. Be3 Nf6 6. e5 Ng4 7. Bd3 Nxe3 8. fxe3 Bh6 9. Qd2 Bg4 10. 0-0 0-0 11. Rae1 Nd7 12. Nd1 c5 13. c3 Qa5 14. Qf2 Bxf3 15. Qxf3 e6 16. Qg4 Rae8 17. Rf3 Qd8 18. Ref1 Qe7 19. h4 cxd4 20. Rg3 dxe3 21. Nxe3 Nxe5 22. Qe2 Nxd3 23. Qxd3 Bxe3+ 24. Qxe3 b6 25. h5 Qc5 26. hxg6 hxg6 27. Qxc5 bxc5 28. b4 cxb4 29. cxb4 0-1

[Event "Omsk op 12"]
[Site "Omsk"]
[Date "2013.12.05"]
[Round "4"]
[White "Dobronravova, Irina"]
[Black "Silchenko, Stepan"]
[Result "1-0"]
[WhiteElo "1883"]
[BlackElo "1621"]
[PlyCount "60"]
[EventDate "2013.12.01"]
[EventType "swiss"]
[EventRounds "9"]
[EventCountry "RUS"]
[SourceTitle "EXT 2016"]
[Source "ChessBase"]
[SourceDate "2015.10.08"]
[SourceVersion "1"]
[SourceVersionDate "2015.10.08"]
[SourceQuality "1"]

1. e4 e6 2. d4 d5 3. e5 c5 4. c3 Nc6 5. Nf3 Bd7 6. Be3 Qc7 7. Be2 Nge7 8. 0-0 Nf5 9. Nbd2 Be7 10. Nb3 b6 11. Qd2 c4 12. Nc1 b5 13. b3 Rb8 14. Bd1 Ba3 15. Ne2 h6 16. Nf4 Rg8 17. Bc2 Nce7 18. b4 a5 19. Rab1 axb4 20. cxb4 c3 21. Qe2 Bb2 22. Nd3 Rc8 23. Nxb2 cxb2 24. Rxb2 Qc3 25. Bd3 Nxe3 26. fxe3 Nf5 27. Rfb1 Ke7 28. g4 g6 29. gxf5 gxf5+ 30. Kf2 Qc6 1-0

[Event "Omsk City-ch"]
[Site "Omsk"]
[Date "2008.02.09"]
[Round "5"]
[White "Kolobova, Darja"]
[Black "Dobronravova, Irina"]
[Result "1/2-1/2"]
[WhiteElo "1955"]
[BlackElo "1970"]
[PlyCount "44"]
[EventDate "2008.02.06"]
[EventType "swiss"]
[EventRounds "11"]
[EventCountry "RUS"]
[SourceTitle "EXT 2009"]
[Source "ChessBase"]
[SourceDate "2008.11.26"]
[SourceVersion "1"]
[SourceVersionDate "2008.11.26"]
[SourceQuality "1"]

1. d4 g6 2. g3 Bg7 3. Bg2 d6 4. Nf3 Nd7 5. 0-0 e6 6. c4 Ne7 7. e4 0-0 8. Be3 h6 9. Qc1 Kh7 10. Nc3 f5 11. Qc2 a6 12. Rad1 Qe8 13. b4 Nf6 14. c5 d5 15. exf5 gxf5 16. Ne5 Nc6 17. Nxc6 bxc6 18. Rfe1 Ne4 19. Ne2 a5 20. a3 axb4 21. axb4 Ba6 22. Nf4 Bb5 1/2-1/2

[Event "Omsk City-ch"]
[Site "Omsk"]
[Date "2008.02.07"]
[Round "2"]
[White "Avdeev, Alexander"]
[Black "Dobronravova, Irina"]
[Result "1/2-1/2"]
[WhiteElo "2277"]
[BlackElo "1970"]
[PlyCount "43"]
[EventDate "2008.02.06"]
[EventType "swiss"]
[EventRounds "11"]
[EventCountry "RUS"]
[SourceTitle "EXT 2009"]
[Source "ChessBase"]
[SourceDate "2008.11.26"]
[SourceVersion "1"]
[SourceVersionDate "2008.11.26"]
[SourceQuality "1"]

1. d4 d5 2. Nf3 Nf6 3. c4 c6 4. Nc3 Qb6 5. c5 Qc7 6. g3 Bf5 7. Bg2 g6 8. 0-0 Bg7 9. Ne5 Nbd7 10. Bf4 Qc8 11. f3 0-0 12. g4 Be6 13. b4 Nxe5 14. Bxe5 Nd7 15. Bxg7 Kxg7 16. Qd2 Qc7 17. g5 Rh8 18. h4 h6 19. Kf2 hxg5 20. hxg5 Rh2 21. Rh1 Rah8 22. Rag1 1/2-1/2

[Event "Omsk-ch sf op"]
[Site "Omsk"]
[Date "2007.12.09"]
[Round "8"]
[White "Dobronravova, Irina"]
[Black "Mikhailovsky, Viktor"]
[Result "0-1"]
[WhiteElo "1970"]
[BlackElo "2052"]
[PlyCount "64"]
[EventDate "2007.12.01"]
[EventType "swiss"]
[EventRounds "9"]
[EventCountry "RUS"]
[SourceTitle "EXT 2022"]
[Source "ChessBase"]
[SourceDate "2021.10.06"]
[SourceVersion "1"]
[SourceVersionDate "2021.10.06"]
[SourceQuality "1"]

1. e4 c5 2. g3 Nc6 3. Bg2 e6 4. Ne2 g6 5. 0-0 Bg7 6. c3 Nge7 7. d3 0-0 8. f4 b6 9. Nd2 Bb7 10. Nf3 d5 11. e5 Nf5 12. g4 Nh4 13. Nxh4 Qxh4 14. Ng3 d4 15. Ne4 Ne7 16. Nf6+ Bxf6 17. Bxb7 Bg7 18. Bxa8 Rxa8 19. Qf3 Rd8 20. Bd2 Nd5 21. Be1 Qe7 22. cxd4 cxd4 23. Bf2 Qb4 24. Rab1 Bh6 25. a3 Qb3 26. g5 Bf8 27. Bxd4 Nb4 28. Bc3 Nxd3 29. h4 Bc5+ 30. Kh2 Qc2+ 31. Qg2 Nf2 32. Rxf2 Qxb1 0-1

[Event "Omsk-ch sf op"]
[Site "Omsk"]
[Date "2007.12.01"]
[Round "1"]
[White "Khizhniak, Alexei"]
[Black "Dobronravova, Irina"]
[Result "1-0"]
[WhiteElo "2113"]
[BlackElo "1970"]
[PlyCount "129"]
[EventDate "2007.12.01"]
[EventType "swiss"]
[EventRounds "9"]
[EventCountry "RUS"]
[SourceTitle "EXT 2022"]
[Source "ChessBase"]
[SourceDate "2021.10.06"]
[SourceVersion "1"]
[SourceVersionDate "2021.10.06"]
[SourceQuality "1"]

1. c4 g6 2. g3 Bg7 3. Bg2 d6 4. Nc3 Nd7 5. e4 e6 6. Nge2 Ne7 7. h4 h5 8. d3 c5 9. 0-0 0-0 10. f4 a6 11. a3 Rb8 12. a4 b6 13. d4 cxd4 14. Nxd4 Bb7 15. Bh3 Qc8 16. Nxe6 fxe6 17. Bxe6+ Kh7 18. Be3 Qe8 19. Qxd6 Nc5 20. Bxc5 bxc5 21. e5 Nf5 22. Bxf5 Rxf5 23. Qxc5 Bf8 24. Qa5 Qc6 25. Nd5 Qxc4 26. Qc7+ Qxc7 27. Nxc7 Bc5+ 28. Kh2 Be4 29. Ra2 Rb6 30. Rc1 Rc6 31. Nxa6 Ba7 32. Rxc6 Bxc6 33. b4 Rf7 34. b5 Bb7 35. Rb2 Rd7 36. a5 Be3 37. Nb8 Rd1 38. Nc6 Rc1 39. a6 Bxc6 40. bxc6 Rxc6 41. Rb7+ Kh6 42. a7 Ra6 43. e6 Bxa7 44. e7 Bg1+ 45. Kxg1 Ra8 46. Kf2 Re8 47. Kf3 Kg7 48. g4 hxg4+ 49. Kxg4 Kf6 50. Rb6+ Kf7 51. Kg5 Rxe7 52. Rf6+ Kg7 53. Rxg6+ Kh7 54. h5 Re1 55. f5 Rg1+ 56. Kf6 Rh1 57. h6 Ra1 58. Ke5 Ra5+ 59. Kf4 Ra4+ 60. Kg5 Ra1 61. Rg7+ Kh8 62. Rd7 Rg1+ 63. Kf6 Rh1 64. Kg6 Rg1+ 65. Kf7 1-0

[Event "Omsk-ch sf"]
[Site "Omsk"]
[Date "2006.12.17"]
[Round "7"]
[White "Krivonogov, Yuri"]
[Black "Dobronravova, Irina"]
[Result "1-0"]
[WhiteElo "2056"]
[BlackElo "2009"]
[PlyCount "81"]
[EventDate "2006.11.15"]
[EventType "swiss"]
[EventRounds "9"]
[EventCountry "RUS"]
[SourceTitle "EXT 2019"]
[Source "ChessBase"]
[SourceDate "2018.10.10"]
[SourceVersion "1"]
[SourceVersionDate "2018.10.10"]
[SourceQuality "1"]

1. d4 g6 2. e4 Bg7 3. c4 d6 4. f3 Nc6 5. Ne2 Nf6 6. Nbc3 0-0 7. Bg5 h6 8. Bh4 g5 9. Bf2 Nh5 10. g4 Nf4 11. Nxf4 gxf4 12. h4 e5 13. d5 Ne7 14. b4 c6 15. Bd3 cxd5 16. cxd5 Bd7 17. Qb3 Rc8 18. Kd2 a6 19. a4 a5 20. Rac1 axb4 21. Qxb4 Ra8 22. Bb6 Qb8 23. Nb5 Bxb5 24. Bxb5 Nc8 25. Bf2 Na7 26. Bd3 Rc8 27. Rb1 Qc7 28. Rhc1 Qd7 29. Qxb7 Qxa4 30. Bxa7 Qa2+ 31. Rb2 Qa5+ 32. Rb4 Qa2+ 33. Bc2 Qxa7 34. Qxa7 Rxa7 35. Ba4 Rxc1 36. Kxc1 Ra5 37. Kd2 Bf6 38. h5 Kg7 39. Kc3 Bh4 40. Kb3 Be1 41. Rb6 1-0

[Event "Omsk-ch sf"]
[Site "Omsk"]
[Date "2006.12.03"]
[Round "5"]
[White "Tsiganov, Mikhail"]
[Black "Dobronravova, Irina"]
[Result "1-0"]
[WhiteElo "2009"]
[BlackElo "2009"]
[PlyCount "59"]
[EventDate "2006.11.15"]
[EventType "swiss"]
[EventRounds "9"]
[EventCountry "RUS"]
[SourceTitle "EXT 2019"]
[Source "ChessBase"]
[SourceDate "2018.10.10"]
[SourceVersion "1"]
[SourceVersionDate "2018.10.10"]
[SourceQuality "1"]

1. e4 g6 2. d4 Bg7 3. Nc3 d6 4. Be3 Nd7 5. Qd2 a6 6. 0-0-0 b5 7. h4 h5 8. Nh3 Bb7 9. Ng5 Ngf6 10. f3 Nb6 11. Qf2 e6 12. Bd3 Qd7 13. Rhe1 0-0 14. g4 hxg4 15. h5 gxh5 16. fxg4 Nxg4 17. Qh4 f6 18. Qxh5 fxg5 19. Qxg4 e5 20. Qxg5 exd4 21. Bxd4 c5 22. Bxg7 Qxg7 23. Qh5 Rf2 24. Rg1 Rg2 25. Rxg2 Qxg2 26. e5 Bf3 27. Qh7+ Kf8 28. Bg6 Qg5+ 29. Kb1 Qf4 30. Rxd6 1-0